00322pab a2200133 454500008004000000100002200040245002900062260000900091300001100100362001100111650002700122650001900149773002000168180718b2003 xxu||||| |||| 00| 0 eng d aSrivastava, Gouri aWomen's studies in India c2003 ap.4-7. a28 Jul aWomens studies - India aWomens studies aUniversity News